书目信息 |
| 题名: |
不为人知的历史
|
|
| 作者: | 利维 著 ;郭溥鋆 译 | |
| 分册: | ||
| 出版信息: | 天津 天津教育出版社 2009.08 |
|
| 页数: | 217页 | |
| 开本: | 23cm | |
| 丛书名: | ||
| 单 册: | ||
| 中图分类: | K109 | |
| 科图分类: | ||
| 主题词: | 世界史--普及读物 | |
| 电子资源: | ||
| ISBN: | 978-7-5309-5763-9 | |
| 000 | 01232nam0 2200289 450 | |
| 001 | 012010604692 | |
| 005 | 20100628104517.28 | |
| 009 | 004271616 | |
| 010 | @a978-7-5309-5763-9@dCNY22.00 | |
| 100 | @a20100515d2009 em y0chiy0110 ea | |
| 101 | 1 | @achi@ceng |
| 102 | @aCN@b120000 | |
| 105 | @ay z 000yy | |
| 200 | 1 | @a不为人知的历史@Abu wei ren zhi de li shi@e探索世上最著名的神秘事物@d= Lost histories@eexploring the world's most famous mysteries@f(英) 乔尔·利维著@F(ying)qiao er·li wei zhu@g郭溥鋆译@zeng |
| 210 | @a天津@c天津教育出版社@d2009.08 | |
| 215 | @a217页@d23cm | |
| 300 | @a弘文人文馆 天下文库01 | |
| 306 | @a通过德国海格立斯贸易文化有限公司授权出版 | |
| 330 | @a本书作者用专业的态度、细腻的笔触,系统地揭示了人类历史上著名的神秘事物。通过作者系统的整理,人们将会从另一个侧面看到人类文明进程尘封的历史细节,对人类的文明史产生新的认识。 | |
| 500 | 10 | @aLost histories@eexploring the world‘s most famous mysteries@mChinese |
| 517 | 1 | @a探索世上最著名的神秘事物@Atan suo shi jie shang zui zhu ming de shen mi shi wu |
| 606 | 0 | @a世界史@x普及读物 |
| 690 | @aK109@v4 | |
| 701 | 1 | @a利维@Ali wei@g(Levy, Joel)@4著 |
| 702 | 0 | @a郭溥鋆@Aguo pu yun@4译 |
| 801 | 0 | @aCN@c20100515 |
| 905 | @dK109@eL367@f3 | |
| 不为人知的历史:探索世上最著名的神秘事物= Lost histories:exploring the world's most famous mysteries/(英) 乔尔·利维著/郭溥鋆译.-天津:天津教育出版社,2009.08 |
| 217页;23cm |
| 弘文人文馆 天下文库01 |
| ISBN 978-7-5309-5763-9:CNY22.00 |
| 本书作者用专业的态度、细腻的笔触,系统地揭示了人类历史上著名的神秘事物。通过作者系统的整理,人们将会从另一个侧面看到人类文明进程尘封的历史细节,对人类的文明史产生新的认识。 |
| ● |
| 相关链接 |
|
|
|
正题名:不为人知的历史
索取号:K109/L367
 
预约/预借
| 序号 | 登录号 | 条形码 | 馆藏地/架位号 | 状态 | 备注 |
| 1 | 988813 | 209888139 | 社科库309/309社科库 104排2列6层/ [索取号:K109/L367] | 在馆 | |
| 2 | 988814 | 209888148 | 社科库309/309社科库 104排2列6层/ [索取号:K109/L367] | 在馆 | |
| 3 | 988815 | 209888157 | 社科库309/309社科库 104排2列6层/ [索取号:K109/L367] | 在馆 |